| 000 | 01579nas a2200313 c 4500 | ||
|---|---|---|---|
| 003 | BLK | ||
| 005 | 20180421002941.0 | ||
| 008 | 180413b bul |a|er|||| |0| c|bulo| | ||
| 010 | _aPRD00003246000 | ||
| 022 | _a0861-8054 | ||
| 040 | _aBLK | ||
| 041 |
_aBUL _cBUL |
||
| 080 |
_aТеория на финансите. Финансова наука _b336.01 _x _z336.01 |
||
| 110 | 1 |
_aСтоп. Акад. Д. А. Ценов - Свищов _eРед. кол.: Атанас Дамянов - глав. ред. и др. _9357313 |
|
| 245 | 1 | 0 |
_aГОДИШНИК - СТОПАНСКА АКАДЕМИЯ Д. А. ЦЕНОВ - СВИЩОВ _cСтоп. Акад. Д. А. Ценов - Свищов ; Ред. кол.: Атанас Дамянов - глав. ред. и др. _fНачална год. на издаване: 1938, № 1, _nот тяло:1 до тяло:100 |
| 245 | 1 | 0 |
_aТрудове на ВФСИ - Свищов _c _f1954-1955 г. |
| 245 | 1 | 0 |
_aГодишник на ВФСИ - Свищов _c _f1956-1966 г. |
| 245 | 1 | 0 |
_aГодишник на ВФСИ Д. Ценов - Свищов _c _f1967 г. |
| 257 | _aBGR | ||
| 260 |
_аСвищов _bАкад. Изд. Ценов _c1954 _fСвищов : Полигр. база на Акад. Изд. Ценов |
||
| 300 | _c22 | ||
| 310 |
_апериодичност: 1 _cдепозит за: 2016 _eсрок за съхранение: 99 |
||
| 380 | _a3 | ||
| 852 | _aА 996 | ||
| 856 |
_qpdf _u |
||
| 856 |
_qpdf _u |
||
| 942 |
_cCPU _n0 _s1 |
||
| 944 |
_aCR _cВаня_Йорданова _k22.01.2003 |
||
| 944 |
_aED _cВаня_Йорданова _k13.03.2017 |
||
| 999 |
_c290450 _d290450 |
||